00676nam a22001932 4500001001100000005001700011008004100028020001700069040001500086100003700101245014600138250001300284260003700297300001600334650006100350700003500411700003300446852000300479000002004820151217154438.0110530s xx 000 0 eng d a0349112015 : aKABUcKABU1 aKing, Martin Luther.@000018009412aA Knock at midnight :binspiration from the great sermons of Reverend Martin Luther King, Jr. /cedited by Clayborne Carson & Peter Holloran. a1st ed. aNew York :bWarner Books,c2000. axx, 254 p. 0aSermons, AmericanxAfrican American authors.@00001800951 aCarson, Clayborne.@00001487551 aHolloran, Peter.@00000637381